| 000 | 01510cam a2200409 a 4500 | ||
|---|---|---|---|
| 999 |
_c63617 _d63617 |
||
| 001 | 768714001 | ||
| 003 | CO-MdFUSB | ||
| 005 | 20200407161248.0 | ||
| 007 | cr cn||||||||| | ||
| 008 | 201002r2009 sp ||||gs|||||||||||spa d | ||
| 020 |
_z9788481697865 _aimpreso |
||
| 020 |
_z9788471510006 _aelectrónico |
||
| 040 |
_aCO-MdFUSB _bEspañol _cCO-MdFUSB _dCO-MdFUSB _erda |
||
| 041 | 0 | _aspa | |
| 080 | _a225 | ||
| 082 | 0 | 4 |
_a291.8 _222 _aR 225.7 L6669c |
| 245 | 0 |
_aComentario bíblico latinoamericano : _bNuevo Testamento _c/ dirigido por Armando J. Levoratti ; editado por Elsa Tamez y Pablo Richard. |
|
| 250 | _a2a. ed. rev. | ||
| 264 | 1 |
_aNavarra, España _bVerbo Divino, _c[2009] |
|
| 264 | 4 | _c© 2009 | |
| 300 |
_arecurso en línea (1249 páginas) _c; |
||
| 336 |
_2rdacontent _atexto _btxt |
||
| 337 |
_2rdamedia _ainformático _bc |
||
| 338 |
_2rdacarrier _aremoto _bcr |
||
| 347 |
_2rda _afichero de texto _bHtml |
||
| 516 | _a texto electrónico | ||
| 538 | _aAcceso a Internet; requiere usuario y clave asignada por la biblioteca | ||
| 650 | 4 | _aTextos sagrados. | |
| 650 | 4 |
_aLibros _xProfetas. |
|
| 700 | 1 |
_aLevoratti, Armando J, _edirector |
|
| 700 | 1 |
_aTamez, Elsa, _eeditor |
|
| 700 | 1 |
_aRichard, Pablo, _eeditor |
|
| 856 | 4 | 0 |
_uhttp://site.ebrary.com/lib/unisbcsp/Doc?id=10357585 _b10357585 _zAbrir Versión electrónica del libro Comentario bíblico latinoamericano : Nuevo Testamento |
| 942 | _cBK | ||
| 945 | _aJTF-925 | ||